Państwa śródlądowe - Statystyki

Ogólne statystyki
  • Ten quiz został rozwiązany 3 028 razy
    2 976 od ostatniego zresetowania
  • Średni wynik to 30 z 44
Statystyki odpowiedzi
Państwo % Poprawnych
Czechy
93%
Słowacja
90%
Austria
87%
Andora
83%
Szwajcaria
82%
Węgry
82%
Mongolia
81%
Watykan
81%
Kazachstan
80%
Luksemburg
79%
San Marino
79%
Serbia
78%
Paragwaj
77%
Tadżykistan
77%
Białoruś
76%
Boliwia
76%
Czad
75%
Uzbekistan
74%
Liechtenstein
73%
Kirgistan
72%
Nepal
72%
Turkmenistan
72%
Afganistan
71%
Niger
70%
Lesotho
68%
Macedonia
67%
Armenia
66%
Bhutan
65%
Mali
65%
Sudan Południowy
63%
Mołdawia
60%
Zambia
59%
Zimbabwe
58%
Azerbejdżan
55%
Laos
55%
Uganda
55%
Rwanda
53%
Etiopia
52%
Republika Środkowoafrykańska
52%
Botswana
51%
Burkina Faso
46%
Burundi
45%
Suazi
45%
Malawi
41%
Nie znaleziono quizów pasujących do podanych kryteriów
Rozkład punktacji
Procent ludzi z każdym wynikiem
Percentyl według liczby udzielonych odpowiedzi
Twoja historia wyników
Nie rozwiązałeś tego quizu od ostatniego zresetowania